[Event "Philadelphia int op 11th"]
[Site "Philadelphia"]
[Date "2017.06.26"]
[Round "5"]
[White "Anu, Bayar"]
[Black "Lu, Benjamin"]
[Result "1-0"]
[WhiteElo "2041"]
[BlackElo "1746"]
[PlyCount "105"]
[EventDate "2017.06.24"]
[EventType "swiss"]
[EventRounds "9"]
[EventCountry "USA"]
[SourceTitle "CBM 179 Extra"]
[Source "ChessBase"]
[SourceDate "2017.08.23"]
[SourceVersion "1"]
[SourceVersionDate "2017.08.23"]
[SourceQuality "1"]

1. d4 d5 2. c4 c6 3. cxd5 cxd5 4. Bf4 Nc6 5. Nc3 Nf6 6. e3 a6 7. Bd3 e6 8. Rc1 Bd6 9. Bxd6 Qxd6 10. f4 0-0 11. Nf3 Bd7 12. 0-0 Rac8 13. Ne5 Qe7 14. Rf3 Nxe5 15. fxe5 Ng4 16. Rg3 f5 17. h3 Nh6 18. Qh5 Kh8 19. Rf1 Be8 20. Qg5 Qxg5 21. Rxg5 Bg6 22. Be2 Nf7 23. Rg3 Nd8 24. Rgf3 Nc6 25. g4 Kg8 26. Rf4 h6 27. Bd3 Ne7 28. Na4 fxg4 29. Rxf8+ Rxf8 30. Rxf8+ Kxf8 31. Bxg6 Nxg6 32. hxg4 Kf7 33. Nc5 Ne7 34. Nxb7 Nc6 35. Nc5 a5 36. a3 g6 37. Nd3 Ke7 38. b4 axb4 39. axb4 Na7 40. Kf2 Nb5 41. Ke2 Nc7 42. Nf4 Kd7 43. Nxg6 Kc6 44. Kd3 Kb5 45. Kc3 Ka4 46. Nh8 Nb5+ 47. Kd3 Kxb4 48. Nf7 Nc7 49. Nxh6 Ne8 50. Ng8 Kb5 51. Nf6 Ng7 52. Nh5 Ne8 53. g5 1-0

[Event "Philadelphia int op 11th"]
[Site "Philadelphia"]
[Date "2017.06.24"]
[Round "1"]
[White "Lu, Benjamin"]
[Black "Mandizha, Farai"]
[Result "0-1"]
[WhiteElo "1746"]
[BlackElo "2342"]
[PlyCount "74"]
[EventDate "2017.06.24"]
[EventType "swiss"]
[EventRounds "9"]
[EventCountry "USA"]
[SourceTitle "CBM 179 Extra"]
[Source "ChessBase"]
[SourceDate "2017.08.23"]
[SourceVersion "1"]
[SourceVersionDate "2017.08.23"]
[SourceQuality "1"]

1. e4 c5 2. Nf3 d6 3. d4 cxd4 4. Nxd4 Nf6 5. Nc3 a6 6. Bg5 e6 7. f4 h6 8. Bh4 Qb6 9. Qd2 Qxb2 10. Rb1 Qa3 11. Bxf6 gxf6 12. f5 Nc6 13. Be2 h5 14. Rf1 Bh6 15. Qd3 Ne5 16. Qh3 Qc5 17. Nb3 Qc7 18. Nd4 Qc5 19. Nb3 Qb4 20. a3 Qxa3 21. Ra1 Qb4 22. Bb5+ axb5 23. Rxa8 Ke7 24. Kd1 Qc4 25. Rf2 Ng4 26. Re2 Be3 27. Qf3 Qxc3 28. h3 Qb2 29. Ra1 Nf2+ 30. Ke1 Nd3+ 31. cxd3 Qxb3 32. Rd1 Bd4 33. Rc1 e5 34. Rec2 Bc5 35. Ke2 Bd7 36. g4 hxg4 37. Qxg4 Ra8 0-1